000 01652nam a2200325 i 4500
001 768714001
003 CO-MdFUSB
005 20201209102355.0
007 ta
008 200611t2000 enk |||| |||| 00| 0 eng d
020 _a0875524648
040 _aCO-MdFUSB
_bspa
_cCO-MdFUSB
_dCO-MdFUSBC
_erda
041 _aeng
082 _223
_a268.092
_bV217
100 _aVan Dyken, Donald,
_eautor
245 1 _aRediscovering catechism :
_bthe art of equipping covenant children
_c/ Donald Van Dyken
264 1 _aPhillipsburg, N.J
_bP & R Publishing,
_c[2000]
264 4 _c© 2000
300 _a146 páginas
_c; 22 cm
336 _2rdacontent
_atexto
_btxt
337 _2rdamedia
_asin mediación
_bn
338 _2rdacarrier
_avolumen
_bnc
505 _aUn cuento de dos ciudades. -- Anclar en el pasado. -- El significado del catequismo. -- El significado y el lugar de los catecismos. -- La importancia del catecismo. -- La historia del catequismo: Moisés a Pablo. -- La historia del catequismo: Alejandría a Massachusetts. -- Una palabra alentadora. -- Catecismo del pacto. -- ¿Cómo debemos enseñar el catecismo? -- Enseñar el catecismo: memorizar y cuestionar. -- Enseñar el catecismo: revisión y repetición. -- Enseñar el catecismo: aprender y cantar canciones. -- ¿A quién se le enseña? ¿Quién ensena? -- Armando un programa. -- Atrapando a un catequista. -- Batalla probada -- Apéndice A: Confesiones y catecismos seleccionados. -- Apéndice B: Editores y librerías.
563 _aRústico
650 7 _9349
_aEducación cristiana
653 _aCatecismo.
942 _cBK
945 _aJTF-925
999 _c66103
_d66103